000
00285nam a22001097a 4500
082
_a
540 PAU'C
100
_a
PAULING, LINUS
_9
39770
245
_a
COLLEGE CHEMISTRY AN INTRODUCTORY TEXTBOOK OF GENERAL CHEMISTRY
260
_a
LONDON
_b
W. H. FREEMAN
_c
1964
300
_a
832P
942
_c
BK
999
_c
583006
_d
583006